| 000 | 00729nam a22002177a 4500 | ||
|---|---|---|---|
| 005 | 20100812161021.0 | ||
| 010 | _aENG-100047 | ||
| 020 |
_a9788189985523 _c70.00 |
||
| 020 |
_a8189985532 _c70.00 |
||
| 035 | _aEN-83579 | ||
| 037 | _bDBAD/PUB | ||
| 082 | _a921 | ||
| 100 |
_aRajasekar, U. _913317 |
||
| 245 |
_aNarrative technique in the selected novels of R.K.Narayan / _cby U.Rajasekar |
||
| 260 |
_aChennai _bMayura Books _c2008 |
||
| 270 |
_a12/1, East Mada Street _bChennai _e600004 |
||
| 300 |
_a72p. _c21cm (pbk) |
||
| 500 | _aIncludes bibliographical references | ||
| 942 |
_2ddc _cEN _h921 _mRAJ |
||
| 999 |
_c41454 _d41454 |
||